000 00464nam a2200181Ia 4500
001 22802
005 20260414150855.0
008 260414t2014||||xx |||||||||||||| ||spa||
041 _aESP
082 _a624
_bA36 Nº 1
100 _aAlbarrán Núñez, José F.
_eAUT
245 0 _aProcesos de ingeniería en proyectos de infraestructura
_b
260 _c2014
300 _a111 páginas :
_c23 cm.
650 _a0
654 _aCIC
942 _cLIB
_dJUS
_fJUS
_2ddc
_n
999 _c22802
_d22802